000 00381 a2200169 4500
001 187250
020 _a85-7359-231-1
040 _cMagnum
100 _aDimenstein, Gilberto
240 1 0 _aMano descobre a diferença
_lpor
245 1 0 _aMano descobre a diferença
300 _a48
362 0 _a2001
440 1 _aSenac
697 _aLITERATURA INFANTO-JUVENIL
942 _cBK
999 _c187250
_d187250